Lana Del Rey "Born To Die" Track Listing - Statistics

General Stats
  • This quiz has been taken 982 times
  • The average score is 10 of 12
Answer Stats
Track Listing Song % Correct
1 Born To Die
100%
4 Video Games
88%
3 Blue Jeans
87%
11 Summertime Sadness
87%
9 Carmen
84%
2 Off To The Races
82%
6 National Anthem
79%
8 Radio
79%
5 Diet Mountain Dew
78%
7 Dark Paradise
76%
12 This Is What Makes Us Girls
76%
10 Million Dollar Man
75%
No matching quizzes found
Score Distribution
Percent of People with Each Score
Percentile by Number Answered
Your Score History
You have not taken this quiz